Guess the Capital City from Flag 1 - Statistics

General Stats
  • This quiz has been taken 23 times
  • The average score is 14 of 20
Answer Stats
Picture Answer % Correct
Doha
88%
Oslo
88%
Tunis
88%
Bratislava
81%
Kyiv
81%
Caracas
75%
Nairobi
75%
Nassau
75%
Taipei
75%
Vaduz
75%
Amman
69%
Freetown
69%
Monrovia
69%
Lome
63%
San Salvador
63%
Victoria
63%
Castries
56%
Juba
56%
Kingstown
56%
Dodoma
50%
No matching quizzes found
Score Distribution
Percent of People with Each Score
Percentile by Number Answered
Your Score History
You have not taken this quiz